قضايا البيئة والتنمية في مصر : (Record no. 14933)
[ view plain ]
| 000 -الفاتح | |
|---|---|
| حقل البيانات ثابتة الطول | 00901nam a22001937a 4500 |
| 008 - عناصر البيانات ثابتة الطول - معلومات عامة | |
| حقل البيانات ثابتة الطول | 110120s2001 ua|||||r|||| 000 0 ara d |
| 020 ## - الرقم الدولى المعيارى للكتب | |
| الرقم الدولى المعيارى للكتاب | 9770907189 |
| 082 ## - رقم تصنيف ديوى العشرى | |
| رقم التصنيف | 301.31962 |
| رقم المادة | ح ن ا |
| 100 ## - المدخل الرئيسى - إسم شخصى | |
| 9 (RLIN) | 22113 |
| الإسم الشخصى | الحناوي ، عصام |
| 245 ## - بيان العنوان | |
| العنوان | قضايا البيئة والتنمية في مصر : |
| بقية العنوان | الأوضاع الراهنة وسيناريوهات مستقبلية حتى عام 2020 / |
| بيان المسئوليه,etc | عصام الحناوي |
| 260 ## - PUBLICATION, DISTRIBUTION, ETC. (IMPRINT) | |
| مكان الناشر او الموزع | القاهرة : |
| اسم الناشر او الموزع | دار الشروق ، 2001 |
| تاريخ النشر أو التوزيع | 2001 |
| 300 ## - الوصف المادى | |
| التعداد | 212 ص : |
| تفاصيل ماديه اخرى للوعاء | أيض ؛ |
| أبعاد الوعاء | 20 سم |
| 490 ## - بيان السلسلة | |
| -- | 21479 |
| عنوان السلسلة | مكتبة مصر 2020 |
| 504 ## - تبصرة ببليوجرافية | |
| تبصرة ببليوجرافية,الخ | ببليوجرافية ص 209-212 |
| 541 ## - تبصرة المصدر المباشر للتزويد | |
| مصدر التزويد | ؛ د. باسم أحمد |
| طريقة التزويد | إهداء ؛ |
| 650 ## - المدخل الاضافى بالموضوع-مصطلح موضوعى | |
| 9 (RLIN) | 22114 |
| مصطلح موضوعي أو اسم جغرافي كعنصر مدخل | البيئة |
| التقسيم الفرعي الجغرافي | مصر |
| 942 ## - عناصر المدخل الإضافي( كوها) | |
| مصدر التصنيف او مخطط الترفيف | Dewey Decimal Classification |
| Koha [default] item type | Book - Borrowing |
| حالة التراجع | حالة الفقد | مصدر التصنيف او خطة الترفيف | حالة تلف | ليس للاعارة | مجموعات كوها | المكان الدائم | المكان الحالي | موقع الترفيف | تاريخ الاكتساب | Source of acquisition | رقم الاستدعاء | الباركود | Date last seen | نوع الوعاء |
|---|---|---|---|---|---|---|---|---|---|---|---|---|---|---|
| Dewey Decimal Classification | Central Library | Central Library | First floor | 20/01/2011 | Donation | 301.31962 ح ن ا | 000022768 | 15/07/2025 | Book - Borrowing |